Guess the Movie by a Picture #3 - Statistics

General Stats
  • This quiz has been taken 481 times
  • The average score is 7 of 12
Answer Stats
Picture Hint Answer % Correct
2002 Spider-Man
99%
1997 Titanic
99%
2019 Joker
98%
2021 Dune
87%
2009 Avatar
84%
1999 The Matrix
62%
1986 Top Gun
48%
2022 Everything Everywhere All at Once
46%
2000 Memento
29%
1993 Groundhog Day
27%
2003 Memories of Murder
13%
2000 Snatch
13%
No matching quizzes found
Score Distribution
Percent of People with Each Score
Percentile by Number Answered
Your Score History
You have not taken this quiz